000 00497 a2200169 i 4500
001 198914
003 47965
090 _a198914
100 _a u||y y50 zz
200 _aЭтюды
_eдля трубы или корвета
_f С. Болотин
210 _d1972
_aЛенинград
_cМузыка
215 _a63 с.
__63
246 0 _bдля трубы или корвета
675 _a780.646.4
700 _aБолотин
_bС.
942 _2udc
_cNOTE
_j788.1
_z47965
999 _c47965
_d47965